000 01544nam a2200277Ia 4500
999 _c55215
_d55215
001 22290
003 GE_BSU
005 20230228103533.0
008 181216s ||||ge |||||||||||||| ||geo||
020 _a9789941437106
040 _cGE_BSU
041 _ageo
080 _a94(38) გ-70
100 _aგორდეზიანი, ლევან
_917068
245 _aძველი ისტორიის ნარკვევები = Studies in Ancient history /
_cლევან გორდეზიანი ; რედაქტორი ირინე ტატიშვილი.
250 _aმე-2 შევსებული და შესწორებული გამოცემა
264 _aთბილისი :
_bლოგოსი,
_c2012.
300 _a458 გვ. ;
_c20 სმ.
490 _aპროგრამა "ლოგოსი"
500 _aპუბლიკაციები და ღონისძიებები კლასიკური ფილოლოგიის, ბიზანტინისტიკისა და ნეოგრეცისტიკის სფეროში
520 _aდამატებითი სატიტულო გვ. ინგლ. ენაზე
541 _h7 ლ.
653 _aძველი ისტორიის ნარკვევები
653 _aძველი საბერძნეთის ისტორია. კოლხეთის ისტორია.
942 _cBK
_2udc